<?xml version="1.0" encoding="UTF-8"?>
<collection xmlns="http://www.loc.gov/MARC21/slim">
  <record>
    <leader>00000nam  2200000   4500</leader>
    <controlfield tag="001">INLIS000000000018307</controlfield>
    <controlfield tag="005">20240926091454</controlfield>
    <datafield tag="035" ind1="#" ind2="#">
      <subfield code="a">0010-0924000136</subfield>
    </datafield>
    <controlfield tag="007">ta</controlfield>
    <controlfield tag="008">240926###########################0######</controlfield>
    <datafield tag="245" ind1="#" ind2="#">
      <subfield code="a">AKKUTA'NANG :</subfield>
      <subfield code="b">Sistem Layanan Konsultasi Pengawasan /</subfield>
      <subfield code="c">Surahman Suriady, S.T., M.M</subfield>
    </datafield>
    <datafield tag="260" ind1="#" ind2="#">
      <subfield code="a">Makassar :</subfield>
      <subfield code="b">Puslatbang KMP LAN RI Makassar,</subfield>
      <subfield code="c">2023</subfield>
    </datafield>
    <datafield tag="300" ind1="#" ind2="#">
      <subfield code="a">26 ;</subfield>
      <subfield code="c">30</subfield>
    </datafield>
    <datafield tag="650" ind1="#" ind2="4">
      <subfield code="a">Layanan Konsultasi</subfield>
    </datafield>
    <datafield tag="700" ind1=" " ind2="#">
      <subfield code="a">A. Asma Zuliatia Ekayanti, S.E., M.M, CGCAE (Mentor)</subfield>
    </datafield>
    <datafield tag="700" ind1=" " ind2="#">
      <subfield code="a">Edi Abdullah, SH., MH (Coach)</subfield>
    </datafield>
    <datafield tag="520" ind1="#" ind2="#">
      <subfield code="a">Hingga saat ini Inspektorat Kota Makassar belum memiliki sebuah aplikasi yang dapat menjadi media komunikasi antara para auditor dengan Satuan Kerja Perangkat Daerah (SKPD) berkaitan dengan permasalahan yang dihadapi dalam melaksanakan program kegiatan pada SKPD masing-masing. Berdasakan hasil pengawasan tahun 2023 terdapat sekitar 124 permasalahan yang ditemukan pada SKPD dalam melaksanakaan program kegiatan antara lain kesalahan prosedur, kekurangan dokumen, kelebihan pembayaran, masalah perpajakan, kekeliruan dalam menetukan metode pemilihan penyedia, keterlambatan pelaksanaan pekerjaan, masalah kepegawaian, penerimaan gratifikasi, ketidak sesuaian hasil pekerjaan dengan spesifikasi dil. Untuk mencegah dan mengurangi permasalahan-permasalahan tersebut diperlukan media aplikasi yang dapat memberikan kemudahan dan percepatan kepada SKPD dan Inspektorat untuk berkoordinasi dan konsultasi terkait hal-hal yang perlu diperhatian termasuk manajemen risiko yang akan dihadapi dalam pelaksanaan program kegiatan. Terobosan inovatif untuk meningkatkan kinerja Auditor Inspektorat dan mengatasi permasalahan tersebut adalah pemanfaatan aplikasi system layanan untuk kemudahan konsultasi bagi Penanggung jawab kegiatan pada SKPD. Sebagai bentuk trobosan inovasil maka judul aksi perubahan adalah Sistem Layanan Konsultasi Pengawasan Terintegr si pada inspektorat Kotra Makassar, yang kemudian dengan pertimbangan aktualisasi nilai-nilai budaya maka disematkan nama AKKUTA'NANG berasal dari Bahasa Makassar yang artinya "bertanya".&#13;
&#13;
Dalam rangka pelaksanaan Aksi Perubahan ini maka dibentuklah tim kerja untuk membantu reformer pada implementasi tahapan jangka pendek. Kemudian dibuatlah SOP Pelaksanaan Layanan Konsultasi untuk persiapan pengembangan Aplikasi AKKUTA'NANG. Untuk memastikan semua pihak terkait menerima informasi dan memahami penggunaan aplikasi AKKUTA'NANG maka dilaksanakan sosialisasi dan membuat video tutorial penggunaan aplikasi AKKUTA'NANG.&#13;
&#13;
Output dari aksi perubahan pada tahapan jangka pendek ini adalah tersedianya aplikasi AKKUTA'NANG yang dapat diakses melalui www.inspektoratkotamakassar. go.id dan whatsapp</subfield>
    </datafield>
    <datafield tag="856" ind1="#" ind2="#">
      <subfield code="a">Puslatbang KMP LAN RI Makassar</subfield>
    </datafield>
  </record>
</collection>
